|
|
|
|
| LEADER |
00996nam a2200277 a 4500 |
| 001 |
3884 |
| 003 |
BD-DhAAL |
| 005 |
20150616091723.0 |
| 008 |
150615s1998 nyu b 001 0 eng |
| 010 |
|
|
|a 98005037
|
| 020 |
|
|
|a 0471122599 (alk. paper)
|
| 040 |
|
|
|a DLC
|c DLC
|d DLC
|d BD-DhAAL
|
| 050 |
0 |
0 |
|a HG179.5
|b .M69 1998
|
| 082 |
0 |
0 |
|a 657/.068/1
|2 21
|
| 100 |
1 |
|
|a Moy, Doug H.
|9 12133
|
| 245 |
1 |
0 |
|a Wealth preservation :
|b how to start and develop an estate planning practice /
|c Doug H. Moy.
|
| 260 |
|
|
|a New York :
|b J. Wiley,
|c c1998.
|
| 300 |
|
|
|a xvi, 464 p. ;
|c 29 cm.
|
| 504 |
|
|
|a Includes bibliographical references (p. 447-451) and index.
|
| 541 |
|
|
|e 3884
|
| 650 |
|
0 |
|a Financial planners.
|9 12134
|
| 650 |
|
0 |
|a Accountants.
|9 12135
|
| 650 |
|
0 |
|a Estate planning.
|9 12136
|
| 942 |
|
|
|2 ddc
|c BK
|
| 999 |
|
|
|c 34742
|d 34742
|
| 952 |
|
|
|0 0
|1 0
|2 ddc
|4 0
|6 657_068100000000000_MOY
|7 0
|9 54347
|a SCL
|b SCL
|c GEN
|d 2015-06-16
|e Gift: The Asia Foundation
|l 0
|o 657.0681 MOY
|p 3020003884
|r 2015-06-16
|t 1
|w 2015-06-16
|y BK
|